1036 1544 1497 1901 1081 1346 1877 1230 1849 1758 1236 1189 1804 1876 1871 1455 1210 1457 1643 1955 1288 1905 1383 1356 1182 1993 1961 1654 1253 1637 1255 1030 1092 1172 1846 1460 1427 1298 1499 1042 1767 1100 1215 1492 1284 1593 1222 1005 1111 1049 1305 1091 1873 1543 1043 1052 1619 1538 1907 1303 1158 1732 1520 1695 1916 1589 1252 1954 1068 1495 1081 1923 1700 1535 1489 1799 1735 1028 1267 1886 1467 1403 1154 1844 1853 1335 1887 1634 1717 1193 1008 1855 1522 1999 1606 1972 1358 1792 1732 BCNSPRNW ULIB Ver.6.0+V

เปลี่ยนเป็นภาษาไทย

Change to English
 แสดงรายละเอียดบรรณานุกรม
  กลับหน้าหลัก

Brief Record : Get Marc (ISO 2709) : E-mail record : QR code < ปิดหน้าต่าง
LEADER : 00000nam 2200000uu 4500
001    13399128650
003     ULIB
008    230925s||||||||th 000 0 tha d
020 ^  ^a9786161849887 :^c(pbk.)
050 0  ^aPT2665 ^bอ73ม
100 1  ^aเอ็นเด้, มิชาเอ็ล.
245 1  ^aโมโม่ =^bMomo /^cมิชาเอ็ล เอ็นเด้, เขียนและวาดภาพประกอบ ; ชินนรงค์ เนียวกุล, แปลจากภาษาเยอรมัน.
246 3  ^aMomo
250 ^  ^aพิมพ์ครั้งที่ 17.
260 ^  ^aกรุงเทพฯ :^bแพรวเยาวชน,^c2565.
300 ^  ^a282 หน้า :^bภาพประกอบ ;^c19 ซม.
505 2  ^aตอนที่หนึ่ง : โมโม่และเพื่อนๆ --^tตอนที่สอง: ผู้ชายสีเทา --^tตอนที่สาม : ดอกไม้ชั่วโมง.
650 ^  ^aวรรณกรรมแปล.
650 ^  ^aวรรณกรรมสำหรับเด็ก.
700 0  ^aชินนรงค์ เนียวกุล.
945    ^p265^l0^i30008
999    ^aกัณชพร จุลอักษร
รายการนี้ยังไม่มีแท็ก
คุณยังไม่ได้ล็อกอิน คุณสามารถมีกิจกรรมร่วมกับเว็บไซต์ได้ แต่ต้องล็อกอินก่อน ::
  ล็อกอิน

รายการสื่อสารสนเทศ

ลำดับที่ ประเภท เลขเรียก/บาร์โค้ด สถานที่ สถานะ
1. วิทยาศาสตร์การแพทย์ และสุขภาพ
วิทยาศาสตร์การแพทย์ และสุขภาพ
PT2665 อ73ม ฉ.1 
  Barcode: 30008
ห้องสมุดวิทยาเขตนครสวรรค์
►นวนิยาย:l:Fiction
บนชั้น

รายการใกล้เคียง
    ผู้แต่ง [เอ็นเด้, มิชาเอ็ล.]

    หัวเรื่อง [วรรณกรรมแปล.]
    หัวเรื่อง [วรรณกรรมสำหรับเด็ก.]

BibComment


ยังไม่เคยถูกคอมเมนท์

คอมเมนท์ทรัพยากรรายการนี้
  คอมเมนท์: โมโม่ Momo มิช..


 Copyright 2026. Bcnsprnw @Library